|
|
|
|
| LEADER |
02460nam a2200397 i 4500 |
| 001 |
28869 |
| 003 |
BD-DhAAL |
| 005 |
20260113161106.0 |
| 008 |
150131s2013 enka b 001 0 eng |
| 010 |
|
|
|a 2012036337
|
| 020 |
|
|
|a 9780199782864 (pbk. : alk. paper)
|
| 040 |
|
|
|a DLC
|b eng
|c DLC
|e rda
|d DLC
|d BD-DhAAL
|
| 042 |
|
|
|a pcc
|
| 043 |
|
|
|a ac-----
|a me-----
|
| 050 |
0 |
0 |
|a DS33.1
|b .M55 2013
|
| 082 |
0 |
0 |
|a 958
|2 23
|
| 100 |
1 |
|
|a Millward, James A.,
|d 1961-
|e author.
|9 7736
|
| 245 |
1 |
4 |
|a The silk road :
|b a very short introduction /
|c James A. Millward.
|
| 260 |
|
|
|a Oxford :
|b Oxford University Press,
|c 2013.
|
| 300 |
|
|
|a xv, 152 pages :
|b illustrations ;
|c 18 cm.
|
| 490 |
0 |
|
|a Very short introductions ;
|v 351
|
| 504 |
|
|
|a Includes bibliographical references (pages 122-137) and index.
|
| 505 |
0 |
|
|a Environment and empires -- Eras of Silk Road fluorescence -- The biological Silk Road -- The Technological Silk Road -- The arts on the Silk Road -- Whither the Silk Road?
|
| 526 |
|
|
|x Dr. Nahid Afrose Kabir
Professor
ENH
Course named and no.: Comparative Globalization (HST404)
Sabreena Ahmed
Associate Professor
Department of English and Humanities
course name and No.: Comparative Globalization (HST404)
|
| 541 |
|
|
|a Karim International, Trim education
|e 28869, 44443, 45255
|
| 650 |
|
|
|a Silk Road
|x History.
|9 60177
|
| 650 |
|
|
|a Silk Road
|x Civilization.
|9 60178
|
| 650 |
|
|
|a Trade routes
|z Eurasia
|x History.
|9 60179
|
| 651 |
|
0 |
|a Eurasia
|x Commerce
|x History.
|9 7739
|
| 651 |
|
0 |
|a Asia, Central
|x History.
|9 7741
|
| 651 |
|
0 |
|a Asia, Central
|x Civilization.
|9 7742
|
| 942 |
|
|
|2 ddc
|c BK
|
| 999 |
|
|
|c 33535
|d 33535
|
| 952 |
|
|
|0 0
|1 0
|2 ddc
|4 0
|6 958_000000000000000_MIL
|7 0
|9 52379
|a BRACUL
|b BRACUL
|c GEN
|d 2015-01-31
|e Trim Education
|g 1395.00
|l 9
|m 72
|o 958 MIL
|p 3010028869
|r 2025-08-18
|s 2025-08-11
|t 1
|w 2015-01-31
|y BK
|
| 952 |
|
|
|0 0
|1 0
|2 ddc
|4 0
|6 958_000000000000000_MIL
|7 0
|9 77816
|a BRACUL
|b BRACUL
|c GEN
|d 2025-05-22
|e Karim International
|g 2530.00
|l 1
|o 958 MIL
|p 3010044443
|r 2025-09-01
|s 2025-08-04
|t 2
|v 2530.00
|w 2025-05-22
|y BK
|x Requisitioned by Dr. Nahid Afrose Kabir, for the course named: Comparative Globalization (HST404)
|
| 952 |
|
|
|0 0
|1 0
|2 ddc
|4 0
|6 958_000000000000000_MIL
|7 0
|9 78672
|a BRACUL
|b BRACUL
|c GEN
|d 2026-01-13
|e Trim Education
|g 1470.00
|l 0
|o 958 MIL
|p 3010045255
|r 2026-01-13
|t 3
|v 2940.00
|w 2026-01-13
|y BK
|x Requisitioned by Sabreena Ahmed(Associate Professor Department of English and Humanities, BRAC University) for the course name: Comparative Globalization (HST404)
|